[Event "Minha Revanche =)"]
[Site "http://www.queenalice.com/game.php?id=158083"]
[Date "2007.1.23"]
[Round "-"]
[White "tigus"]
[Black "perco_mesmo"]
[Result "0-1"]
[WhiteElo "1453"]
[BlackElo "1500"]

1. d4 Nf6 2. c4 g6 3. Nf3 Bg7 4. Nc3 d5 5. cxd5 Nxd5 6. e4 Nxc3 7. bxc3 c5 8.
Be3 Nc6 9. Bb5 O-O 10. h3 Qa5 11. Bxc6 bxc6 12. Bd2 Ba6 13. Qc2 Qb5 14. Be3 Rab8
15. dxc5 Qb2 16. Qxb2 Rxb2 17. Nd4 Bxd4 18. cxd4 Bd3 19. e5 Rfb8 20. Kd1 Rb1+
21. Rxb1 Rxb1+ 22. Bc1 Ra1 23. Kd2 Bc4 24. a3 Bd5 25. Rg1 Ra2+ 26. Ke3 f6 27.
exf6 exf6 28. h4 Kf7 29. g3 h5 30. f4 Ke6 31. Kd3 Kf5 0-1

[Event "Challenge"]
[Site "http://www.queenalice.com/game.php?id=158672"]
[Date "2007.1.24"]
[Round "-"]
[White "Leh"]
[Black "perco_mesmo"]
[Result "0-1"]
[WhiteElo "1490"]
[BlackElo "1740"]

1. e4 c5 2. Nf3 d6 3. Nc3 Nc6 4. Bb5 Bd7 5. d3 Nf6 6. Bg5 e6 7. Qe2 Be7 8. e5
dxe5 9. Nxe5 Nd4 10. Bxd7+ Nxd7 11. Bxe7 Qxe7 12. Qd1 Nxe5 13. O-O O-O 14. Re1
Ng6 15. Nd5 Qg5 16. Nc3 Nh4 17. g3 Nhf3+ 18. Kg2 Nxe1+ 19. Qxe1 Nxc2 0-1

[Event "A revanche da revanche"]
[Site "http://www.queenalice.com/game.php?id=177988"]
[Date "2007.3.7"]
[Round "-"]
[White "perco_mesmo"]
[Black "tigus"]
[Result "1-0"]
[WhiteElo "1677"]
[BlackElo "1468"]

1. e4 c5 2. Nf3 Nc6 3. d4 cxd4 4. Nxd4 g6 5. Nc3 Bg7 6. Be3 Nf6 7. Be2 O-O 8.
O-O d6 9. Qd2 Qc7 10. Rad1 a6 11. f4 e6 12. Nxc6 Qxc6 13. Qxd6 Qxd6 14. Rxd6 b5
15. e5 Ne8 16. Rdd1 1-0

[Event "Tigus Winner(já ta na hora...)"]
[Site "http://www.queenalice.com/game.php?id=196648"]
[Date "2007.4.14"]
[Round "-"]
[White "tigus"]
[Black "perco_mesmo"]
[Result "0-1"]
[WhiteElo "1481"]
[BlackElo "1778"]

1. d4 Nf6 2. c4 g6 3. Nc3 d5 4. e3 Bg7 5. cxd5 Nxd5 6. Bd2 O-O 7. Qb3 Nb6 8. Bc4
Nxc4 9. Qxc4 Be6 10. Qd3 c5 11. Nge2 Nc6 12. Nf4 cxd4 13. Nxe6 fxe6 14. exd4
Bxd4 15. O-O-O Rxf2 16. Ne4 Bxb2+ 17. Kc2 Nb4+ 0-1

[Event "Challenge"]
[Site "http://www.queenalice.com/game.php?id=208798"]
[Date "2007.5.10"]
[Round "-"]
[White "perco_mesmo"]
[Black "jaxblack"]
[Result "1-0"]
[WhiteElo "1791"]
[BlackElo "1172"]

1. e4 e5 2. Nf3 d6 3. d4 Nc6 4. dxe5 Nxe5 5. Nxe5 dxe5 6. Qxd8+ Kxd8 7. Bc4 Be6
8. Bxe6 fxe6 9. Be3 a5 10. Nd2 h5 11. O-O-O Rh6 12. Bxh6 Nxh6 13. Nc4+ Ke8 14.
Nxe5 Be7 15. g3 Bg5+ 16. f4 Be7 17. Rd7 Ng8 18. Rxc7 Nf6 19. Ng6 Bc5 20. Rxc5
Nxe4 21. Rc7 Rd8 22. Re7# 1-0

[Event "Challenge"]
[Site "http://www.queenalice.com/game.php?id=212036"]
[Date "2007.5.17"]
[Round "-"]
[White "perco_mesmo"]
[Black "jssouza"]
[Result "1-0"]
[WhiteElo "1791"]
[BlackElo "1567"]

1. e4 c5 2. Nf3 Nc6 3. Nc3 Nf6 4. d4 cxd4 5. Nxd4 e5 6. Ndb5 d6 7. Bg5 a6 8.
Bxf6 gxf6 9. Na3 b5 10. Nd5 Qa5+ 11. c3 f5 12. exf5 Nd4 13. Bd3 Bxf5 14. Bxf5
Nxf5 15. Qf3 Nh4 16. Qe4 Ng6 17. Nc7+ Qxc7 18. Qxa8+ Ke7 19. Qxa6 1-0

[Event "Challenge"]
[Site "http://www.queenalice.com/game.php?id=212075"]
[Date "2007.5.17"]
[Round "-"]
[White "perco_mesmo"]
[Black "rrenato"]
[Result "1/2-1/2"]
[WhiteElo "1798"]
[BlackElo "1751"]

1. e4 c5 2. Nf3 d6 3. d4 cxd4 4. Nxd4 e5 5. Bb5+ Bd7 6. Bxd7+ Qxd7 7. Nb3 Nf6 8.
Nc3 Nc6 9. O-O Be7 10. f3 a6 11. Qd2 O-O 12. Rd1 b5 13. a4 b4 14. Nd5 Rfb8 15.
Nxf6+ gxf6 16. Qd3 Qe6 17. Be3 Rd8 18. Rd2 Bf8 19. Rad1 a5 1/2-1/2

[Event "Challenge"]
[Site "http://www.queenalice.com/game.php?id=222559"]
[Date "2007.6.8"]
[Round "-"]
[White "perco_mesmo"]
[Black "juim"]
[Result "1-0"]
[WhiteElo "1813"]
[BlackElo "1708"]

1. e4 e5 2. Nf3 Bd6 3. Bc4 Nf6 4. d3 O-O 5. O-O b6 6. Nc3 a5 7. Nb5 Qe7 8. Nh4
Bc5 9. Nxc7 Ra7 10. Nb5 Rb7 11. Nf5 Qd8 12. Nfd6 Bxd6 13. Nxd6 Rc7 14. f4 Qe7
15. Nf5 Qc5+ 16. Be3 Qb4 17. fxe5 Nxe4 18. Qg4 g6 19. Nh6+ Kg7 20. Qxe4 Bb7 21.
Qh4 d5 22. Qf6# 1-0

[Event "Challenge"]
[Site "http://www.queenalice.com/game.php?id=222560"]
[Date "2007.6.8"]
[Round "-"]
[White "juim"]
[Black "perco_mesmo"]
[Result "0-1"]
[WhiteElo "1711"]
[BlackElo "1845"]

1. e4 e6 2. d3 d5 3. e5 c5 4. Be2 Nc6 5. Bf4 g5 6. Bg3 Bg7 7. Nf3 Qb6 8. b3 g4
9. Ng5 f6 10. Qd2 h6 11. exf6 Bxf6 12. Nf3 gxf3 13. Bxf3 Bxa1 14. Bh5+ Kd8 15.
Qf4 Qb4+ 16. c3 Bxc3+ 17. Nxc3 Qxc3+ 18. Ke2 Nd4+ 19. Ke3 Nf5+ 20. Kf3 Qxd3+ 21.
Kg4 Nf6+ 22. Kh3 e5 23. Qf3 Nd4+ 24. Kh4 Nxf3+ 25. Bxf3 Qg6 26. Bxe5 Qg5# 0-1

[Event "QA-ANNIV-03"]
[Site "http://www.queenalice.com/game.php?id=225718"]
[Date "2007.6.15"]
[Round "1"]
[White "perco_mesmo"]
[Black "vanderleiboth"]
[Result "1-0"]
[WhiteElo "1872"]
[BlackElo "1910"]

1. e4 e5 2. Nf3 d6 3. d4 exd4 4. Nxd4 Nf6 5. Nc3 h6 6. Bc4 a6 7. O-O Be7 8. Re1
c5 9. Nf3 Bg4 10. e5 Bxf3 11. Qxf3 dxe5 12. Qxb7 Nbd7 13. Bxa6 Rb8 14. Qf3 O-O
15. Bc4 Re8 16. Qg3 Kf8 17. b3 Qa5 18. Bb2 Nb6 19. Bb5 Nfd7 20. Rxe5 Nxe5 21.
Bxe8 Rxe8 22. Qxe5 Bf6 23. Qg3 Nd5 24. Qd6+ Ne7 25. Qd3 1-0

[Event "QA-ANNIV-03"]
[Site "http://www.queenalice.com/game.php?id=246856"]
[Date "2007.7.27"]
[Round "2"]
[White "Plis"]
[Black "perco_mesmo"]
[Result "1-0"]
[WhiteElo "2115"]
[BlackElo "1912"]

1. c4 c5 2. Nf3 Nf6 3. Nc3 Nc6 4. g3 g6 5. Bg2 Bg7 6. O-O O-O 7. d4 cxd4 8. Nxd4
Nxd4 9. Qxd4 d6 10. Bg5 Be6 11. Qf4 Rc8 12. Nd5 Bxd5 13. cxd5 1-0

[Event "Challenge"]
[Site "http://www.queenalice.com/game.php?id=376114"]
[Date "2008.3.24"]
[Round "-"]
[White "perco_mesmo"]
[Black "Corinthians17"]
[Result "1-0"]
[WhiteElo "1895"]
[BlackElo "1495"]

1. e4 e5 2. Nf3 Nc6 3. Bb5 d6 4. d4 exd4 5. Nxd4 Bd7 6. Nxc6 Bxc6 7. Bxc6+ bxc6
8. Nc3 Nf6 9. O-O Be7 10. Be3 Ng4 11. Qxg4 O-O 12. f4 Rb8 13. Rab1 f5 14. exf5
d5 15. Bxa7 Ra8 16. Bd4 Bf6 17. Be5 Bxe5 18. fxe5 d4 19. Rbd1 c5 20. Ne4 Rxa2
21. f6 g6 22. Qe6+ Kh8 23. Qxa2 c6 24. Qa7 g5 25. Qg7# 1-0

[Event "Challenge"]
[Site "http://www.queenalice.com/game.php?id=536066"]
[Date "2009.2.6"]
[Round "-"]
[White "geraldo"]
[Black "perco_mesmo"]
[Result "0-1"]
[WhiteElo "1587"]
[BlackElo "1896"]

1. e4 e6 2. d4 d5 3. e5 c5 4. Nf3 Nc6 5. Bg5 Qb6 6. Nc3 Qxb2 7. Bb5 Qxc3+ 8. Bd2
Qa3 9. O-O Bd7 10. Bxc6 Bxc6 11. Ng5 cxd4 12. Bc1 Qa5 13. Qf3 Nh6 14. Bb2 Qd2
15. Rad1 Qxg5 16. Rxd4 Qxe5 17. Rb4 d4 18. Bxd4 Qa5 19. Qb3 Qxb4 20. Qxb4 Bxb4
21. Bxg7 Rg8 22. Bxh6 Rxg2+ 23. Kh1 Rxf2+ 24. Kg1 Rg2+ 25. Kh1 Rg3+ 26. Rf3
Bxf3# 0-1

[Event "Challenge"]
[Site "http://www.queenalice.com/game.php?id=536240"]
[Date "2009.2.6"]
[Round "-"]
[White "perco_mesmo"]
[Black "valmir"]
[Result "1-0"]
[WhiteElo "1896"]
[BlackElo "1424"]

1. e4 e5 2. Nf3 Qf6 3. Nc3 c6 4. d4 exd4 5. Nxd4 Bc5 6. Be3 Nh6 7. Bc4 Rf8 8.
O-O Qh4 9. Nf3 Qe7 10. Bxc5 Qxc5 11. Qd4 Qh5 12. Qxg7 Rg8 13. Qe5+ Qxe5 14. Nxe5
d6 15. Nd3 Bh3 16. Nf4 Bc8 17. Rad1 Ke7 18. Rfe1 Ng4 19. a4 Ne5 20. Ba2 Nf3+ 21.
Kf1 Nxh2+ 22. Ke2 b6 23. Rh1 Ng4 24. Rxh7 Ne5 25. Nd3 Bg4+ 26. f3 Be6 27. Bxe6
Kxe6 28. Rh6+ f6 29. Nf4+ Kf7 30. Rh7+ Ke8 31. Rxd6 Nc4 32. Rxf6 Kd8 33. Ne6+
Kc8 34. Rc7# 1-0

[Event "Challenge"]
[Site "http://www.queenalice.com/game.php?id=536241"]
[Date "2009.2.6"]
[Round "-"]
[White "valmir"]
[Black "perco_mesmo"]
[Result "0-1"]
[WhiteElo "1424"]
[BlackElo "1895"]

1. e4 e6 2. Nf3 d5 3. Qe2 dxe4 4. Qxe4 Nf6 5. Qa4+ Nc6 6. c3 Bd6 7. d4 O-O 8.
Qc2 h6 9. Bd3 e5 10. dxe5 Nxe5 11. Nxe5 Bxe5 12. g4 Bxg4 13. Rg1 Re8 14. f3
Bxh2+ 15. Kf1 Bh3+ 16. Kf2 Bxg1+ 17. Kxg1 Qd6 18. Qf2 Qxd3 19. Nd2 Re2 20. Qh4
Qe3+ 21. Kh1 Re1+ 22. Kh2 Qe2+ 23. Kxh3 Rh1+ 24. Kg3 Rxh4 25. Kxh4 Qh2# 0-1

[Event "Challenge"]
[Site "http://www.queenalice.com/game.php?id=551355"]
[Date "2009.3.6"]
[Round "-"]
[White "perco_mesmo"]
[Black "leandrodaquimica"]
[Result "1-0"]
[WhiteElo "1901"]
[BlackElo "1298"]

1. e4 d5 2. exd5 Qxd5 3. Nc3 Qc6 4. Bb5 Qxb5 5. Nxb5 c6 6. Nc7+ Kd7 7. Nxa8 e5
8. d4 exd4 9. Qxd4+ Bd6 10. Bf4 Nf6 11. Qxd6+ 1-0

[Event "Challenge"]
[Site "http://www.queenalice.com/game.php?id=551358"]
[Date "2009.3.6"]
[Round "-"]
[White "leandrodaquimica"]
[Black "perco_mesmo"]
[Result "0-1"]
[WhiteElo "1369"]
[BlackElo "1901"]

1. Nf3 d5 2. Nc3 Nf6 3. d3 Nc6 4. e4 dxe4 5. dxe4 Qxd1+ 6. Kxd1 Bg4 7. Bg5 Nd4
8. Bxf6 exf6 9. Be2 Nxf3 10. Bxf3 O-O-O+ 11. Nd5 c6 12. Bxg4+ Kb8 13. Ke1 cxd5
14. Rd1 d4 15. c3 Bc5 16. b4 Bb6 17. cxd4 Rxd4 18. Rxd4 Bxd4 19. Ke2 Rd8 20. Rd1
Bb6 21. Rc1 Bc7 22. a4 Rd4 23. Ke3 Rxb4 24. f4 Rxa4 25. e5 fxe5 26. g3 exf4+ 27.
gxf4 Bxf4+ 28. Kd3 Bxc1 29. Bd7 Ra6 30. Bb5 Rd6+ 31. Kc2 Bf4 32. h4 Rd2+ 33. Kc3
Rh2 0-1

[Event "Challenge"]
[Site "http://www.queenalice.com/game.php?id=566732"]
[Date "2009.4.4"]
[Round "-"]
[White "Marivaldo"]
[Black "perco_mesmo"]
[Result "0-1"]
[WhiteElo "1820"]
[BlackElo "1901"]

1. d4 Nf6 2. Nf3 g6 3. Nc3 d5 4. Bf4 Bg7 5. e3 O-O 6. Bd3 Nh5 7. Bg3 c5 8. dxc5
Nd7 9. Nxd5 Nxg3 10. hxg3 Bxb2 11. Rb1 Bg7 12. Ng5 Nxc5 13. Nb4 Bc3+ 14. Kf1 a5
15. Nxh7 axb4 16. Nxf8 Qxf8 17. Bc4 Ne4 18. Kg1 Nd2 19. Bb3 Nxb1 20. Qxb1 Bd7
21. Qd1 Rd8 22. Qf3 Bc6 23. Qg4 e6 24. Rh3 Rd2 25. Qh4 Qd6 26. Qh7+ Kf8 27. Qh6+
Bg7 28. Qf4 Rd1+ 29. Kh2 Be5 30. Qh6+ Ke8 31. c3 bxc3 32. Bxd1 Qxd1 33. Qg5 Qd5
34. Rh4 Qxg2# 0-1